|
|
|
|
| LEADER |
00000cam a2200000 7i4500 |
| 001 |
0000020212 |
| 005 |
20080626.0 |
| 008 |
080624 |
| 020 |
|
|
|a 9832440068
|
| 090 |
0 |
0 |
|a 959.5119
|b AFY
|
| 100 |
1 |
|
|a A.F.Yassin
|
| 245 |
1 |
0 |
|a Sejarah adat-istiadat kesultanan Johor (1529-1855)
|c A.F.Yassin,Zam Ismail
|
| 246 |
1 |
|
|a Sejarah adat-istiadat kesultanan Johor (lima belas dua puluh sembilan hingga lapan belas lima puluh lima)
|
| 260 |
|
|
|a Johor :
|b Yayasan Warisan Johor ,
|c 2002
|
| 650 |
|
0 |
|a Johor
|x history
|
| 700 |
1 |
|
|a Zam Ismail
|
| 999 |
|
|
|a 0000886730
|b Book
|c REFERENCE
|e Cawangan Tangkak
|
| 999 |
|
|
|a 0000886734
|b Book
|c REFERENCE
|e Cawangan Segamat
|
| 999 |
|
|
|a 0000886735
|b Book
|c REFERENCE
|e Cawangan Tmn. Ungku Tun Aminah
|
| 999 |
|
|
|a 0000886737
|b Book
|c REFERENCE
|e Cawangan Mersing
|
| 999 |
|
|
|a 0000886740
|b Book
|c REFERENCE
|e Cawangan Tangkak
|
| 999 |
|
|
|a 0001026995
|b Book
|c REFERENCE
|e Perbadanan Perpustakaan Awam Johor
|
| 999 |
|
|
|a 0001026996
|b Book
|c REFERENCE
|e Perbadanan Perpustakaan Awam Johor
|